Eastern Utah Libraries Catalog: Duchesne, Heber, Roosevelt, & Vernal

Pictures by J.R.R. Tolkien / (Record no. 403377)

MARC details
000 -LEADER
fixed length control field 02752cam a22003977i 4500
001 - CONTROL NUMBER
control field sky310616369
003 - CONTROL NUMBER IDENTIFIER
control field SKY
005 - DATE AND TIME OF LATEST TRANSACTION
control field 20250107134803.0
008 - FIXED-LENGTH DATA ELEMENTS--GENERAL INFORMATION
fixed length control field 240229t20241992nyua e 000 0 eng d
020 ## - INTERNATIONAL STANDARD BOOK NUMBER
International Standard Book Number 9780063417052
020 ## - INTERNATIONAL STANDARD BOOK NUMBER
International Standard Book Number 0063417057
040 ## - CATALOGING SOURCE
Original cataloging agency YDX
Language of cataloging eng
Description conventions rda
Transcribing agency YDX
Modifying agency BDX
-- OCLCQ
-- IG#
-- XCA
-- DMM
092 ## - LOCALLY ASSIGNED DEWEY CALL NUMBER (OCLC)
Classification number general nonfiction
Item number 741.64 Tolkien, J.R.R.
100 1# - MAIN ENTRY--PERSONAL NAME
Personal name Tolkien, J. R. R.
Fuller form of name (John Ronald Reuel),
Dates associated with a name 1892-1973.
245 10 - TITLE STATEMENT
Title Pictures by J.R.R. Tolkien /
Statement of responsibility, etc selection and text by Christopher Tolkien.
250 ## - EDITION STATEMENT
Edition statement Hardcover edition.
264 #1 - Production, Publication, Distribution, Manufacture, and Copyright Notice.
Place of production, publication, distribution, manufacture New York, NY :
Name of producer, publisher, distributor, manufacturer William Morrow, an imprint of HarperCollinsPublishers,
Date of production, publication, distribution, manufacture, or copyr 2024.
264 #4 - Production, Publication, Distribution, Manufacture, and Copyright Notice.
Date of production, publication, distribution, manufacture, or copyr ©1992.
300 ## - PHYSICAL DESCRIPTION
Extent 1 volume (unpaged) :
Other physical details illustrations (some color) ;
Dimensions 27 cm.
336 ## - Content Type
Content type term text
336 ## - Content Type
Content type term still image
337 ## - Media type
Media type term unmediated
338 ## - Carrier type
Carrier type term volume
500 ## - GENERAL NOTE
General note "First published in Great Britain by George Allen & Unwin 1979" -- Title page verso.
500 ## - GENERAL NOTE
General note First published by HarperCollins Publishers 1992.
520 ## - SUMMARY, ETC.
Summary, etc "This collection of pictures confirms J.R.R. Tolkien's considerable talent as an artist. It provides fascinating insight into his visual conception of many of the places and characters familiar to the readers of The Hobbit, The Lord of the Rings and The Silmarillion. Examples of his art range from delicate watercolours depicting Rivendell, the Forest of Lothlórien, Smaug, and Old Man Willow, to drawings and sketches of Moria Gate and Minas Tirith. Together they form a comprehensive collection of Tolkien's own illustrations for his most popular books. Also included are many of his beautiful designs showing patterns of flowers and trees, friezes, tapestries and heraldic devices associated with the world of Middle-earth. In their variety and scope they provide abundant visual evidence of the richness of his imagination. This enchanting gallery was personally selected by Christopher Tolkien who, through detailed notes on the sources for each picture, provides unique insight into the artistic vision of his father, J.R.R. Tolkien."
600 10 - SUBJECT ADDED ENTRY--PERSONAL NAME
Personal name Tolkien, J. R. R.
Fuller form of name (John Ronald Reuel),
Dates associated with a name 1892-1973.
Title of a work Hobbit
Form subdivision Illustrations.
9 (RLIN) 6490871
600 10 - SUBJECT ADDED ENTRY--PERSONAL NAME
Personal name Tolkien, J. R. R.
Fuller form of name (John Ronald Reuel),
Dates associated with a name 1892-1973.
Title of a work Lord of the rings
Form subdivision Illustrations.
9 (RLIN) 6490872
600 10 - SUBJECT ADDED ENTRY--PERSONAL NAME
Personal name Tolkien, J. R. R.
Fuller form of name (John Ronald Reuel),
Dates associated with a name 1892-1973.
Title of a work Silmarillion
Form subdivision Illustrations.
9 (RLIN) 6490873
600 10 - SUBJECT ADDED ENTRY--PERSONAL NAME
Personal name Tolkien, J. R. R.
Fuller form of name (John Ronald Reuel),
Dates associated with a name 1892-1973.
650 #0 - SUBJECT ADDED ENTRY--TOPICAL TERM
Topical term or geographic name as entry element Middle Earth (Imaginary place) in art.
9 (RLIN) 6489482
650 #0 - SUBJECT ADDED ENTRY--TOPICAL TERM
Topical term or geographic name as entry element Middle Earth (Imaginary place)
General subdivision Illustrations.
9 (RLIN) 6490875
653 ## - INDEX TERM--UNCONTROLLED
Uncontrolled term ART.
700 1# - ADDED ENTRY--PERSONAL NAME
Personal name Tolkien, Christopher.
9 (RLIN) 10649
942 ## - ADDED ENTRY ELEMENTS (KOHA)
Source of classification or shelving scheme Dewey Decimal Classification
Koha item type BOOK
Holdings
Withdrawn status Lost status Source of classification or shelving scheme Damaged status Not for loan Collection code Home library Current library Shelving location Date acquired Source of acquisition Total Checkouts Total Renewals Full call number Barcode Date last seen Date checked out Cost, replacement price Price effective from Koha item type
    Dewey Decimal Classification     General NonFiction Wasatch County Library Wasatch County Library Second Floor 01/07/2025 Micromarketing 5 5 741.64 Tolkien 34301002089136 03/09/2026 01/09/2026 35.00 01/07/2025 BOOK
This project was made possible through a grant from the Institute of Museum and Library Service administered by the Utah State Library Division.

Wasatch County Library

  • 465 East 1200 South, Heber City, Utah 84032
  • Phone 435-654-1511 | Fax 435-654-6456

Hours

  • Monday - Friday 9:30 AM - 8:00 PM
  • Saturday 9:30 AM - 1:30 PM
  • Closed Sundays and Holidays